مكتبة جامعة عجلون الوطنية

فهرس بحث المكتبة

The Uncertain Giant: 1921-1941 American Forign Policy Between the Wars (Record no. 2879)

MARC details
000 -LEADER
fixed length control field 00638nam a2200205Ii 4500
003 - CONTROL NUMBER IDENTIFIER
control field JO-AjNU
008 - FIXED-LENGTH DATA ELEMENTS--GENERAL INFORMATION
fixed length control field 230606s9999||||xx |||||||||||||| ||und||
040 ## - CATALOGING SOURCE
Original cataloging agency JO-AjNU
Language of cataloging eng
Description conventions rda
Transcribing agency JO-AjNU
041 ## - LANGUAGE CODE
Language code of text/sound track or separate title eng
050 14 - LIBRARY OF CONGRESS CALL NUMBER
Classification number E744.A27 1969
100 3# - MAIN ENTRY--PERSONAL NAME
Personal name Adler, Selig,
Relator term author
9 (RLIN) 5568
245 04 - TITLE STATEMENT
Title The Uncertain Giant: 1921-1941 American Forign Policy Between the Wars
250 ## - EDITION STATEMENT
Edition statement 1 ed
264 31 - PRODUCTION, PUBLICATION, DISTRIBUTION, MANUFACTURE, AND COPYRIGHT NOTICE
Place of production, publication, distribution, manufacture Toronto: Coller-Macmillan LTD,1969
300 ## - PHYSICAL DESCRIPTION
Extent 340P
336 ## - CONTENT TYPE
Content type term text
Content type code txt
Source rdacontent
337 ## - MEDIA TYPE
Media type term unmediated
Media type code n
Source rdamedia
338 ## - CARRIER TYPE
Carrier type term volume
Carrier type code nc
Source rdacarrier
650 #4 - SUBJECT ADDED ENTRY--TOPICAL TERM
Topical term or geographic name entry element United States- Foreign Relations- 20th Century
9 (RLIN) 5569
Holdings
Withdrawn status Lost status Source of classification or shelving scheme Damaged status Not for loan Home library Current library Shelving location Date acquired Total Checkouts Full call number Barcode Date last seen Price effective from Koha item type
    Library of Congress Classification     مكتبة جامعة عجلون الوطنية مكتبة جامعة عجلون الوطنية المجموعات العامة 06/06/2023   E744.A27 1969 E2881 06/06/2023 06/06/2023 Books